Drug or New Name? #1 (A) - Statistics

General Stats
  • This quiz has been taken 4 times
  • The average score is 14 of 25
Answer Stats
Question Answer % Correct
Adoxa Drug
100%
Adzynma Drug
100%
Abdumalik Name
100%
Adriely Name
100%
Aani Name
75%
Alicent Name
75%
Anirved Name
75%
Aryya Name
75%
Azary Name
75%
Azaylie Name
75%
Adalat Drug
50%
Akbeta Drug
50%
Alecensa Drug
50%
Alimta Drug
50%
Alophen Drug
50%
Aloxi Drug
50%
Aquetzali Name
50%
Avyuktha Name
50%
Axyla Both
25%
Albalon Drug
25%
Alinia Drug
25%
Amikin Drug
25%
Anuli Name
25%
Aunysti Name
25%
Aldara Drug
0%
No matching quizzes found
Score Distribution
Percent of People with Each Score
Percentile by Number Answered
Your Score History
You have not taken this quiz